Größte Stadt Nordrhein-Westfalens A-Z - Statistiken

Allgemein
  • Dieses Quiz wurde 185 mal gespielt
  • Das Durchschnittsergebnis liegt bei 18 aus 24
Antwortstatistiken
# Einwohner Stadt % Korrekt
D 621.877 Düsseldorf
97%
E 582.760 Essen
97%
K 1.087.863 Köln
97%
A 248.960 Aachen
96%
B 365.587 Bochum
94%
G 259.645 Gelsenkirchen
92%
W 355.100 Wuppertal
88%
M 315.293 Münster
87%
O 210.764 Oberhausen
87%
X 21.607 Xanten
84%
P 151.633 Paderborn
81%
L 163.729 Leverkusen
80%
H 188.686 Hagen
76%
S 159.245 Solingen
76%
R 111.397 Recklinghausen
73%
U 58.936 Unna
72%
I 92.174 Iserlohn
71%
N 153.896 Neuss
69%
C 73.343 Castrop-Rauxel
52%
J 32.653 Jülich
51%
V 81.842 Velbert
45%
T 74.953 Troisdorf
38%
Z 20.332 Zülpich
36%
F 52.439 Frechen
34%
Keine übereinstimmenden Quizze gefunden
Verteilung der Resultate
Anzahl Personen mit jedem Resultat
Perzentil nach korrekt beantworteten Fragen
Ihre Resultats-Entwicklung
Sie haben dieses Quiz noch nicht gespielt